000 00990cab a2200277 4500
001 ABS45825
008 090401t1992 xxu||||| |||| 00| 0 eng d
035 _a(Sirsi) u55267
041 _aeng
100 _aHarrison, R.
245 _aDevon Earth Building Initiative
260 _c1992
350 _a0
490 _aConservation Bulletin
_v(16) February 1992, 10-11(2)
520 _aDescribes various types of construction using mass mud, a process by which a sticky mixture of subsoil, straw and water is built up in horizontal lifts and allowed to harden into thick solid mass walling. Focuses in particular on Devon, where new buildings have been erected in this material and apprentice cob-masons have been trained.
650 _aAPPRENTICESHIPS
650 _aCHALK MUD
650 _aCLAY LUMP
650 _aCLAY
650 _aCOB
650 _aDAUB
650 _aMASS WALLING
690 _aBUILT ENVIRONMENT-BUILDING MATERIALS
942 _n0
948 _c04/03/1997
999 _c33758
_d33758